000 01279namaa2200301 i 4500
003 EG-GICUC
005 20260412121915.0
008 260412s1997 ua a|||gr|||| 000 0 ara d
040 _aEG-GiCUC
_bara
_cEG-GiCUC
_dEG-GiCUC
_erda
043 _af-ua---
082 0 4 _221
_a953.0962
_bS962
092 0 4 _221
_a953.0962
_bS962
099 _a953.0962 S962
100 1 _aابن أبي السرور، محمد بن محمد،
_d1596 أو 1597-1676 أو 1677
_eمؤلف.
245 1 2 _aالروضة المأنوسة في أخبار مصر المحروسة /
_cلمحمد بن أبي السرور البكرى ؛ تحقيق وتعليق عبد الرازق عبد الرازق عيسى.
264 _aالقاهرة :
_bمكتبة الثقافة الدينية،
_c1997.
300 _a207 صفحة :
_bإيضاحيات ؛
_c24 سم
336 _2rdacontent
_atext
337 _2rdamedia
_aUnmediated
338 _2rdacarrier
_avolume
504 _a206-203 ببليوجرافيا: صفحات.
541 _aد. جابر عصفور ؛
_bالقاهرة ؛
_cإهداء ؛
_d2024.
650 1 _2qrmak
651 1 _2qrmak
_aمصر
_xتاريخ
_y1517-1882.
700 1 _aعيسى، عبد الرازق عبد الرازق
_910707
_eمحقق.
905 _aAsmaa
942 _2ddc
_cBK
_e21
_n0
999 _c179418
_d179418